[Event "Catarinense-ch"]
[Site "Concordia"]
[Date "2025.03.02"]
[Round "5"]
[White "Rocha, Reeges Ferraz"]
[Black "Consoli, Anderson Luiz"]
[Result "0-1"]
[WhiteElo "1813"]
[BlackElo "1687"]
[PlyCount "66"]
[EventDate "2025.02.28"]
[EventType "swiss"]
[EventRounds "6"]
[EventCountry "BRA"]
[SourceTitle "CB10_2025"]
[SourceDate "2025.03.05"]
[SourceVersion "1"]
[SourceVersionDate "2025.03.05"]
[SourceQuality "1"]

1. Nf3 d5 2. d4 Nf6 3. g3 Bg4 4. Bg2 Qc8 5. b3 Bh3 6. 0-0 h5 7. Bxh3 Qxh3 8. Ng5 Qf5 9. h4 Nc6 10. c3 Nd7 11. Nd2 f6 12. e4 dxe4 13. Ngxe4 g5 14. Qf3 Qg6 15. Kh2 gxh4 16. gxh4 Qg4 17. Qxg4 hxg4 18. Kg3 e6 19. Nc4 b5 20. Nb2 Ne7 21. Rh1 c5 22. Nd6+ Kd8 23. Nf7+ Ke8 24. Nxh8 Bg7 25. Kxg4 Bxh8 26. Nd3 cxd4 27. cxd4 f5+ 28. Kf3 Bxd4 29. Bb2 Bxb2 30. Nxb2 Ne5+ 31. Kf4 Ng4 32. Kg5 Kf7 33. Rh3 Kg7 0-1

[Event "Catarinense-ch"]
[Site "Concordia"]
[Date "2025.03.01"]
[Round "4"]
[White "Kayser, Gustavo Warmling"]
[Black "Rocha, Reeges Ferraz"]
[Result "1-0"]
[WhiteElo "2032"]
[BlackElo "1813"]
[PlyCount "81"]
[EventDate "2025.02.28"]
[EventType "swiss"]
[EventRounds "6"]
[EventCountry "BRA"]
[SourceTitle "CB10_2025"]
[SourceDate "2025.03.05"]
[SourceVersion "1"]
[SourceVersionDate "2025.03.05"]
[SourceQuality "1"]

1. e4 c6 2. d4 d5 3. e5 Bf5 4. h4 h5 5. c4 g6 6. Nc3 dxc4 7. Bxc4 Nd7 8. Qb3 Rh7 9. e6 Bxe6 10. Bxe6 fxe6 11. Qxe6 Ngf6 12. Ne4 Qa5+ 13. Bd2 Qd5 14. Qxd5 Nxd5 15. Ng5 Rh8 16. N1f3 Bh6 17. 0-0 Bxg5 18. Nxg5 Rf8 19. g3 N7b6 20. b3 Kd7 21. Kg2 a5 22. Nf3 Rg8 23. a4 Nb4 24. Ne5+ Ke8 25. Bxb4 axb4 26. a5 Nd5 27. a6 bxa6 28. Ra5 g5 29. Nxc6 e6 30. hxg5 Rxg5 31. Ne5 Nf4+ 32. Kf3 Ng6 33. Re1 Ne7 34. Rc1 Nf5 35. Rc4 Nd6 36. Rxb4 Rf5+ 37. Kg2 Ne4 38. f3 Ng5 39. f4 Nf7 40. Rb6 Nxe5 41. Rxe6+ 1-0